_Geographic Dimensions of Well-Being in Kenya Who and Where are the Poor ? ;a constituency level profile Volume II (Record no. 7250)
[ view plain ]
| 000 -LEADER | |
|---|---|
| fixed length control field | 00466nam a2200133Ia 4500 |
| 008 - FIXED-LENGTH DATA ELEMENTS--GENERAL INFORMATION | |
| fixed length control field | 151021s9999 xx 000 0 und d |
| 020 ## - INTERNATIONAL STANDARD BOOK NUMBER | |
| International Standard Book Number | 9966767010 |
| 245 ## - TITLE STATEMENT | |
| Title | _Geographic Dimensions of Well-Being in Kenya Who and Where are the Poor ? ;a constituency level profile Volume II |
| 260 ## - PUBLICATION, DISTRIBUTION, ETC. (IMPRINT) | |
| Place of publication, distribution, etc. | Nairobi : CBS, |
| 300 ## - PHYSICAL DESCRIPTION | |
| Extent | 80 p. : (col.) ill. |
| 500 ## - GENERAL NOTE | |
| General note | Includes index |
| 650 ## - SUBJECT ADDED ENTRY--TOPICAL TERM | |
| Topical term or geographic name as entry element | _Constituency Level Poverty Incidence |
| 980 ## - EQUIVALENCE OR CROSS-REFERENCE-SERIES STATEMENT--PERSONAL NAME/TITLE [LOCAL, CANADA] | |
| Personal name | ^d20110511 02:13:30^okilerai |
No items available.